000 00779nam a2200217Ia 4500
001 15225
003 GE_BSU
008 181216s||||||||xx |||||||||||||| ||und||
040 _cGE_BSU
080 _a030(=161.1)
245 _aБольшая советская энциклопедия
245 _cГл. ред. Б.А.Введенский. Члены гл.ред.Н.Н.Аничков. А.Н.Баранов. И.П. Бардин и др.
250 _a2-е изд.
260 _aМосква
260 _bБольшая советская энциклопедия
260 _c1957
300 _a761стр.илл.1портр.
300 _eИменой указатель: стр.735
653 _aБольшая советская энциклопедия
942 _cBK
999 _c48337
_d48337